[Event "Avoine op 34th"]
[Site "Avoine"]
[Date "2019.07.20"]
[Round "2"]
[White "Mauffrey, Victor"]
[Black "Mancini, Mario"]
[Result "1-0"]
[WhiteElo "1936"]
[BlackElo "2166"]
[PlyCount "121"]
[EventDate "2019.07.20"]
[EventType "swiss"]
[EventRounds "9"]
[EventCountry "FRA"]
[SourceTitle "EXT 2020"]
[Source "ChessBase"]
[SourceDate "2019.10.17"]
[SourceVersion "1"]
[SourceVersionDate "2019.10.17"]
[SourceQuality "1"]

1. Nf3 c5 2. e4 e6 3. d4 cxd4 4. Nxd4 a6 5. Be3 Nf6 6. Bd3 d6 7. 0-0 Nbd7 8. f3 Qc7 9. c4 Ne5 10. b3 Nxd3 11. Qxd3 Be7 12. Nc3 0-0 13. a4 Rd8 14. Rfc1 Bd7 15. b4 Rac8 16. Nce2 Be8 17. a5 Nd7 18. f4 Qb8 19. Nc3 Nf6 20. Nf3 d5 21. cxd5 Bxb4 22. Bb6 Bc5+ 23. Bxc5 Rxc5 24. Qe3 Rdc8 25. dxe6 Ng4 26. exf7+ Bxf7 27. Qd2 Rd8 28. Nd4 Rc4 29. Nce2 Qa7 30. Rd1 Nf6 31. Qd3 Rb4 32. Rac1 Bh5 33. Rc4 Rxc4 34. Qxc4+ Kh8 35. Qc7 Qa8 36. Rb1 Rd7 37. Qe5 Qd8 38. h3 Re7 39. Ne6 Rxe6 40. Qxe6 Bxe2 41. Rxb7 h6 42. Qe5 Qd1+ 43. Kh2 Bh5 44. Qe7 Ne8 45. Qf8+ Kh7 46. Qf5+ Bg6 47. Qe5 Qf1 48. f5 Bh5 49. Qg3 Kh8 50. Rb6 Qe2 51. e5 Qe4 52. f6 Kh7 53. Rxa6 g5 54. Ra7+ Kg8 55. a6 Bf7 56. Re7 Kf8 57. a7 Bd5 58. Qf2 Ng7 59. Rc7 Qxe5+ 60. Qg3 Qd4 61. Qa3+ 1-0

[Event "Coupe 2000"]
[Site "Saint Quentin"]
[Date "2019.06.29"]
[Round "2.2"]
[White "Mauffrey, Victor"]
[Black "Raqi, Nadji"]
[Result "1-0"]
[WhiteElo "1987"]
[BlackElo "1873"]
[PlyCount "81"]
[EventDate "2019.06.29"]
[EventType "team-match"]
[EventRounds "5"]
[EventCountry "FRA"]
[SourceTitle "EXT 2020"]
[Source "ChessBase"]
[SourceDate "2019.10.17"]
[SourceVersion "1"]
[SourceVersionDate "2019.10.17"]
[SourceQuality "1"]

1. Nf3 Nf6 2. c4 g6 3. Nc3 Bg7 4. d4 d6 5. g3 0-0 6. Bg2 c6 7. e4 Nbd7 8. 0-0 e5 9. Re1 Qc7 10. Rb1 a6 11. b4 b5 12. dxe5 Nxe5 13. Nxe5 dxe5 14. cxb5 cxb5 15. Nd5 Nxd5 16. exd5 Rd8 17. Be3 Bb7 18. Qb3 Qd7 19. Red1 Kh8 20. Rbc1 Rac8 21. Bb6 Rxc1 22. Rxc1 Rc8 23. Rc5 f5 24. d6 Bxg2 25. Kxg2 Re8 26. Qd5 Bf8 27. Rc7 Qe6 28. Qxe6 Rxe6 29. d7 Be7 30. Rc8+ Kg7 31. d8Q Bxd8 32. Bxd8 e4 33. Rc7+ Kg8 34. Bg5 h5 35. Be3 Rd6 36. Kh3 Rf6 37. Rb7 Rf7 38. Rb6 Kg7 39. Bd4+ Kh6 40. Rxa6 f4 41. gxf4 1-0

[Event "Coupe 2000"]
[Site "Saint Quentin"]
[Date "2019.06.29"]
[Round "1.2"]
[White "Venard, Gautier"]
[Black "Mauffrey, Victor"]
[Result "1/2-1/2"]
[WhiteElo "1892"]
[BlackElo "1987"]
[PlyCount "98"]
[EventDate "2019.06.29"]
[EventType "team-match"]
[EventRounds "5"]
[EventCountry "FRA"]
[SourceTitle "EXT 2020"]
[Source "ChessBase"]
[SourceDate "2019.10.17"]
[SourceVersion "1"]
[SourceVersionDate "2019.10.17"]
[SourceQuality "1"]

1. c4 e5 2. Nc3 Nf6 3. g3 d5 4. cxd5 Nxd5 5. Bg2 Nb6 6. Nf3 Nc6 7. 0-0 Be7 8. a4 a5 9. d4 exd4 10. Nb5 Bf6 11. Bf4 Nd5 12. Nfxd4 Nxd4 13. Bxd5 Nxb5 14. axb5 0-0 15. Rc1 Bh3 16. Re1 Bxb2 17. Rc2 c6 18. bxc6 bxc6 19. Bxc6 Qxd1 20. Rxd1 Rac8 21. Rxb2 Rxc6 22. Rb5 Ra8 23. Rxa5 Rac8 24. Rad5 h6 25. f3 Be6 26. Rd8+ Kh7 27. Rxc8 Rxc8 28. Rd2 Ra8 29. Kf2 Ra2 30. Rd4 h5 31. h4 Rc2 32. Re4 Rc5 33. Bd6 Rd5 34. Bb4 Rb5 35. Bc3 Rc5 36. Bd2 Rc2 37. Ke3 Rc5 38. g4 hxg4 39. fxg4 Rc4 40. Rxc4 Bxc4 41. Kf3 g6 42. e4 Kg8 43. Kf4 Bb3 44. Bc3 Ba2 45. Kg5 Bb3 46. h5 gxh5 47. gxh5 Ba2 48. h6 Bb3 49. Kf6 Ba2 1/2-1/2

[Event "Avoine op 33rd"]
[Site "Avoine"]
[Date "2018.07.25"]
[Round "5"]
[White "Mauffrey, Victor"]
[Black "Le, Quan Anh"]
[Result "0-1"]
[WhiteElo "1844"]
[BlackElo "2068"]
[PlyCount "86"]
[EventDate "2018.07.21"]
[EventType "swiss"]
[EventRounds "9"]
[EventCountry "FRA"]
[SourceTitle "CBM 185 Extra"]
[Source "ChessBase"]
[SourceDate "2018.07.29"]
[SourceVersion "1"]
[SourceVersionDate "2018.07.29"]
[SourceQuality "1"]

1. Nf3 c5 2. e4 Nc6 3. d4 cxd4 4. Nxd4 Nf6 5. Nc3 e5 6. Ndb5 d6 7. Bg5 a6 8. Na3 b5 9. Nd5 Be7 10. Nxe7 Qxe7 11. Bxf6 Qxf6 12. Qd5 Bb7 13. Be2 0-0 14. 0-0 Rab8 15. Qd2 Nd4 16. c3 Ne6 17. f3 Rfd8 18. Rfd1 d5 19. exd5 Rxd5 20. Qe3 Nf4 21. Rxd5 Qg5 22. Qxf4 Qxf4 23. Rd7 Bc6 24. Rd6 Rc8 25. Rad1 g6 26. Rd8+ Rxd8 27. Rxd8+ Kg7 28. Rd1 e4 29. Nc2 exf3 30. Bxf3 Bxf3 31. gxf3 Qxf3 32. Rd2 Qf4 33. Re2 h5 34. a3 h4 35. Nd4 h3 36. Rc2 g5 37. Re2 Kg6 38. Rc2 g4 39. Re2 f5 40. Rc2 Qe3+ 41. Kf1 f4 42. Re2 Qc1+ 43. Kf2 Qh1 0-1

[Event "Avoine op 33rd"]
[Site "Avoine"]
[Date "2018.07.24"]
[Round "4"]
[White "Mancini, Mario"]
[Black "Mauffrey, Victor"]
[Result "0-1"]
[WhiteElo "2157"]
[BlackElo "1844"]
[PlyCount "74"]
[EventDate "2018.07.21"]
[EventType "swiss"]
[EventRounds "9"]
[EventCountry "FRA"]
[SourceTitle "CBM 185 Extra"]
[Source "ChessBase"]
[SourceDate "2018.07.29"]
[SourceVersion "1"]
[SourceVersionDate "2018.07.29"]
[SourceQuality "1"]

1. d4 Nf6 2. c4 e5 3. dxe5 Ng4 4. Bf4 g5 5. Bg3 Bg7 6. Nf3 Nc6 7. Nc3 Ngxe5 8. Nxe5 Nxe5 9. e3 d6 10. c5 0-0 11. cxd6 cxd6 12. Be2 Bf5 13. 0-0 a6 14. Qd2 Qd7 15. e4 Be6 16. Qxg5 f5 17. Rfd1 Kh8 18. Qd2 Rad8 19. Bh4 Bf6 20. Bxf6+ Rxf6 21. exf5 Bxf5 22. Nd5 Rg6 23. f4 Be4 24. Qe3 Bxg2 25. Kf2 Re8 26. Rac1 Qd8 27. Qc3 Qh4+ 28. Ke3 Qxh2 29. Nc7 Rg3+ 30. Kd2 Rxc3 31. Rxc3 Qxf4+ 32. Kc2 Be4+ 33. Kb3 Rc8 34. Ka3 Nc6 35. Ne6 Qe5 36. Bg4 Qa5+ 37. Kb3 Qb4# 0-1